00850nam a2200265Ia 4500003000400000005001700004008004100021020002200062040000700084041000800091082001500099100002900114245002700143250000700170260003300177300001800210365001200228650003000240650002200270700002800292906003700320942001200357999001900369952019600388OSt20260105160013.0210719s2019 xx 000 0 und d a978-93-325-8553-9 cAL aeng a338.9 TODE aMichael P Todaro9250187 aEconomic development  a12 aUttar PradeshbPearsonc2019 axxvii,860bPB b749cRs aEconomic Planning9250188 aEconomics9250189 aStephen C Smith9250190 a12 ; development ; Economic ; Ed 2ddccBK c212032d212032 00102ddc40708COMaALbALd2021-03-15eSapna Book House Pvt Ltd, K S Rao Road, Mangalore-575001 | General Annualg749.00l0o338.9 TODEp074846r2021-07-19 00:00:00v599.20w2021-07-19yBK